Structural steel design (Record no. 35071)

MARC details
000 -LEADER
fixed length control field 00552nam a2200193Ia 4500
020 ## - INTERNATIONAL STANDARD BOOK NUMBER
ISBN 9780273751359
050 ## - CALL MARK
Classification number TA 684 M33/
100 ## - STATEMENT OF RESPONSIBILITY--MAIN AUTHOR NAME
Personal name McCormac, Jack C.
245 #0 - TITLE STATEMENT
Title Structural steel design
250 ## - EDITION / VOLUME STATEMENT
Edition / Volume statement 5th ed [International edition / contribtuions by Manojkumar V. Chitawadagi
260 ## - PUBLICATION, DISTRIBUTION, ETC. (IMPRINT)
Place of publication Boston
260 ## - PUBLICATION, DISTRIBUTION, ETC. (IMPRINT)
Name of publisher Pearson
260 ## - PUBLICATION, DISTRIBUTION, ETC. (IMPRINT)
Year of publication 2012
300 ## - PHYSICAL DESCRIPTION
Number of Pages 736 p
650 ## - SUBJECT ADDED ENTRY--TOPICAL TERM
Topical Term Building, Iron and steel _ Textbooks Steel Structural _ Textbooks
942 ## - ADDED ENTRY ELEMENTS (KOHA)
Koha item type Books
Holdings
Withdrawn status Lost status Source of classification or shelving scheme Damaged status Not for loan Permanent Location Current Location Shelving location Date acquired Accession Number Price effective from Koha item type
    Library of Congress Classification     NILE UNIVERSITY OF NIGERIA - MAIN LIBRARY NILE UNIVERSITY OF NIGERIA - MAIN LIBRARY Items on shelf 04/23/2025 0010943 04/23/2025 Books